| 000 | 00401nam a2200181Ia 4500 | ||
|---|---|---|---|
| 008 | 210210b1950 xxu||||| |||| 00| 0 eng d | ||
| 041 | _aeng | ||
| 082 | _a825/82 | ||
| 100 | _aBERNBAUM | ||
| 245 | _aEnglish romantic poets | ||
| 260 |
_aNew York _b- _c1950 |
||
| 650 | _aromantic | ||
| 650 | _apoets | ||
| 650 | _aEnglish | ||
| 690 | _aEnglish Criticism | ||
| 700 | _aOthers | ||
| 906 | _a014400 | ||
| 999 |
_c133577 _d133577 |
||